[Event "Florianopolis op 8th"]
[Site "Florianopolis"]
[Date "2022.01.27"]
[Round "5"]
[White "Soares, Lucas Vicente"]
[Black "Carmo, Jose Arlindo"]
[Result "1-0"]
[WhiteElo "1869"]
[BlackElo "1626"]
[PlyCount "100"]
[EventDate "2022.01.24"]
[EventType "swiss"]
[EventRounds "10"]
[EventCountry "BRA"]
[SourceTitle "CBM 206 Extra"]
[Source "ChessBase"]
[SourceDate "2022.03.31"]
[SourceVersion "1"]
[SourceVersionDate "2022.03.31"]
[SourceQuality "1"]

1. d4 d5 2. c4 c6 3. Nf3 Nf6 4. g3 g6 5. Bg2 dxc4 6. a4 Nd5 7. 0-0 Bg7 8. Na3 c3 9. b3 f5 10. Ne5 a5 11. h4 0-0 12. Qc2 Na6 13. Nac4 Nab4 14. Qd1 Be6 15. Ba3 Qc7 16. Qc1 b5 17. axb5 cxb5 18. Ne3 Nxe3 19. Bxa8 Nxf1 20. Kxf1 Bd5 21. Bxb4 Rxa8 22. Bxc3 b4 23. Bb2 Qxc1+ 24. Rxc1 Bxb3 25. Nc6 Kf7 26. Rc5 Ba4 27. Nxa5 Rb8 28. Nc4 Rd8 29. e3 Ke6 30. Ke1 Bf6 31. Ra5 Bc2 32. Kd2 b3 33. Rb5 Ra8 34. Na5 Rc8 35. Nxb3 Bxb3 36. Rxb3 Rc6 37. Rb5 Kd6 38. d5 Rc7 39. Bxf6 exf6 40. Kd3 Rc5 41. Rb6+ Ke5 42. Re6+ Kxd5 43. Rxf6 Rc6 44. Rxc6 Kxc6 45. Kd4 Kd6 46. f3 h6 47. h5 g5 48. g4 Ke6 49. gxf5+ Kxf5 50. Kd5 g4 1-0

[Event "Sao Paulo Hebraica op 28th"]
[Site "Sao Paulo"]
[Date "2022.01.15"]
[Round "3"]
[White "Sanchez, Ivan Roberto"]
[Black "Soares, Lucas Vicente"]
[Result "0-1"]
[WhiteElo "1705"]
[BlackElo "1869"]
[PlyCount "54"]
[EventDate "2022.01.14"]
[EventType "swiss"]
[EventRounds "6"]
[EventCountry "BRA"]
[SourceTitle "CBM 206 Extra"]
[Source "ChessBase"]
[SourceDate "2022.03.31"]
[SourceVersion "1"]
[SourceVersionDate "2022.03.31"]
[SourceQuality "1"]

1. d4 d5 2. Nf3 e6 3. Bg5 Nf6 4. e3 c5 5. Be2 Bd6 6. 0-0 0-0 7. Nc3 Nc6 8. Nb5 Be7 9. dxc5 Bxc5 10. Bf4 a6 11. Nbd4 Bd6 12. Nxc6 bxc6 13. Bxd6 Qxd6 14. c4 e5 15. Qc2 a5 16. h3 h6 17. Rfd1 Ba6 18. Nh4 Rfb8 19. c5 Qe6 20. Bxa6 Rxa6 21. Nf5 Ne4 22. Qe2 Qxf5 23. Qxa6 Qxf2+ 24. Kh1 Rxb2 25. Qc8+ Kh7 26. Qg4 Ng3+ 27. Kh2 Qxg2# 0-1

[Event "Sao Paulo Hebraica op 28th"]
[Site "Sao Paulo"]
[Date "2022.01.14"]
[Round "1"]
[White "Barberi, Catarina"]
[Black "Soares, Lucas Vicente"]
[Result "0-1"]
[WhiteElo "1318"]
[BlackElo "1869"]
[PlyCount "110"]
[EventDate "2022.01.14"]
[EventType "swiss"]
[EventRounds "6"]
[EventCountry "BRA"]
[SourceTitle "CBM 206 Extra"]
[Source "ChessBase"]
[SourceDate "2022.03.31"]
[SourceVersion "1"]
[SourceVersionDate "2022.03.31"]
[SourceQuality "1"]

1. d4 d5 2. c4 e6 3. Nf3 c6 4. Qc2 dxc4 5. Qxc4 b5 6. Qc2 Bb7 7. g3 Nf6 8. Bg2 Nbd7 9. 0-0 c5 10. Nbd2 Rc8 11. Qd1 Bd6 12. dxc5 Nxc5 13. Nb3 0-0 14. Be3 Qe7 15. Nxc5 Bxc5 16. Bxc5 Rxc5 17. e3 a6 18. Qe2 Rfc8 19. Rad1 h6 20. a3 Bd5 21. Rfe1 Bb3 22. Rb1 Rc2 23. Qd3 Ba2 24. Rbd1 Rxb2 25. Rd2 Bc4 26. Qd4 Rxd2 27. Nxd2 Qxa3 28. Bb7 e5 29. Qxe5 Rc5 30. Qd6 a5 31. Ne4 Qb4 32. Rd1 Nxe4 33. Bxe4 Rc8 34. Qxb4 axb4 35. Rb1 b3 36. f4 Rd8 37. Kf2 Rd2+ 38. Kg1 Re2 39. Rd1 g6 40. Rb1 Rxe3 41. Bg2 Re2 42. Bf1 Rc2 43. Bg2 f5 44. g4 b2 45. gxf5 Rc1+ 46. Rxc1 bxc1Q+ 47. Kf2 Qxf4+ 48. Bf3 Bd5 49. Ke1 Qxf3 50. fxg6 b4 51. h4 b3 52. h5 b2 53. Kd2 b1Q 54. g7 Qb2+ 55. Ke1 Qfe2# 0-1

[Event "Sao Paulo Hebraica op 28th"]
[Site "Sao Paulo"]
[Date "2022.01.14"]
[Round "2"]
[White "Soares, Lucas Vicente"]
[Black "Van Riemsdijk, Marius Rombout"]
[Result "1-0"]
[WhiteElo "1869"]
[BlackElo "1653"]
[PlyCount "59"]
[EventDate "2022.01.14"]
[EventType "swiss"]
[EventRounds "6"]
[EventCountry "BRA"]
[SourceTitle "CBM 206 Extra"]
[Source "ChessBase"]
[SourceDate "2022.03.31"]
[SourceVersion "1"]
[SourceVersionDate "2022.03.31"]
[SourceQuality "1"]

1. d4 c5 2. d5 Nf6 3. c4 b5 4. Qc2 g6 5. e4 d6 6. cxb5 a6 7. Nc3 Bg7 8. Nf3 0-0 9. h3 axb5 10. Bxb5 Ba6 11. 0-0 Bxb5 12. Nxb5 Nbd7 13. Bd2 Qb6 14. a4 Rfb8 15. Bc3 Qd8 16. Nd2 Nf8 17. Nc4 Qd7 18. Rad1 Rxb5 19. axb5 Qxb5 20. Ne3 N8d7 21. f4 Ra4 22. e5 dxe5 23. fxe5 Ne4 24. e6 fxe6 25. dxe6 Ndf6 26. Rd8+ Bf8 27. Bxf6 Nxf6 28. Rxf6 exf6 29. e7 Ra1+ 30. Nd1 1-0

[Event "Taubate op 2nd"]
[Site "Taubate"]
[Date "2021.12.18"]
[Round "4"]
[White "Fernandini, Felipe Piacente"]
[Black "Soares, Lucas Vicente"]
[Result "1-0"]
[WhiteElo "1315"]
[BlackElo "1877"]
[PlyCount "33"]
[EventDate "2021.12.16"]
[EventType "swiss"]
[EventRounds "6"]
[EventCountry "BRA"]
[SourceTitle "CBM 206 Extra"]
[Source "ChessBase"]
[SourceDate "2022.03.31"]
[SourceVersion "1"]
[SourceVersionDate "2022.03.31"]
[SourceQuality "1"]

1. e4 e6 2. d4 d5 3. Nc3 Bb4 4. e5 c5 5. a3 Bxc3+ 6. bxc3 Qa5 7. Bd2 Qa4 8. Qg4 g6 9. Ne2 Qxc2 10. dxc5 Nc6 11. Nd4 Nxe5 12. Qg3 Qe4+ 13. Be2 Nc6 14. Nb5 Kf8 15. Nc7 Rb8 16. Qd6+ Kg7 17. Ne8# 1-0

[Event "Taubate op 2nd"]
[Site "Taubate"]
[Date "2021.12.17"]
[Round "2"]
[White "Kozlowski, Joliver Souza Lisbo"]
[Black "Soares, Lucas Vicente"]
[Result "0-1"]
[WhiteElo "1800"]
[BlackElo "1877"]
[PlyCount "72"]
[EventDate "2021.12.16"]
[EventType "swiss"]
[EventRounds "6"]
[EventCountry "BRA"]
[SourceTitle "CBM 206 Extra"]
[Source "ChessBase"]
[SourceDate "2022.03.31"]
[SourceVersion "1"]
[SourceVersionDate "2022.03.31"]
[SourceQuality "1"]

1. e4 e6 2. d3 d5 3. Nd2 c5 4. Ngf3 Nc6 5. g3 Bd6 6. Bg2 Nge7 7. 0-0 0-0 8. Re1 Qc7 9. Nf1 Bd7 10. h4 b5 11. h5 f6 12. N1h2 Rae8 13. Bd2 b4 14. Nh4 c4 15. h6 g6 16. Ng4 cxd3 17. cxd3 dxe4 18. dxe4 f5 19. exf5 exf5 20. Qb3+ Kh8 21. Nh2 f4 22. Qd3 fxg3 23. fxg3 Bxg3 24. N2f3 Bxe1 25. Rxe1 Nf5 26. Rc1 Qb6+ 27. Kh2 Bc8 28. Bg5 Qb8+ 29. Kg1 Ne5 30. Nxe5 Qxe5 31. Nf3 Qe2 32. Qxe2 Rxe2 33. Bf6+ Kg8 34. Nd4 Rxg2+ 35. Kxg2 Bb7+ 36. Kg1 Rxf6 0-1

[Event "Sao Jose dos Campos IRT op"]
[Site "Sao Jose dos Campos"]
[Date "2020.12.19"]
[Round "3"]
[White "Rodrigues, Leonardo De Miranda"]
[Black "Soares, Lucas Vicente"]
[Result "0-1"]
[WhiteElo "2175"]
[BlackElo "1901"]
[PlyCount "142"]
[EventDate "2020.12.18"]
[EventType "swiss"]
[EventRounds "5"]
[EventCountry "BRA"]
[SourceTitle "EXT 2022"]
[Source "ChessBase"]
[SourceDate "2021.10.06"]
[SourceVersion "1"]
[SourceVersionDate "2021.10.06"]
[SourceQuality "1"]

1. e4 e6 2. d4 d5 3. Nc3 Bb4 4. Nge2 dxe4 5. a3 Bxc3+ 6. Nxc3 Nc6 7. Bb5 Nge7 8. Bg5 f6 9. Be3 0-0 10. Qd2 f5 11. 0-0-0 Nd5 12. Ne2 Nce7 13. c4 Nb6 14. Qc2 a6 15. Ba4 Nxc4 16. Qxc4 b5 17. Qc5 bxa4 18. Bg5 Rf7 19. Nc3 Bd7 20. d5 Qe8 21. Bxe7 Qxe7 22. Qxc7 exd5 23. Nxd5 Qg5+ 24. Kb1 Bb5 25. Qd6 Bd3+ 26. Ka1 Rd8 27. Qe5 Rb7 28. h4 Qh5 29. g4 Qf7 30. Nb4 Rb5 31. Qc3 fxg4 32. Nxd3 Rbd5 33. Rhg1 h5 34. Rg3 Rxd3 35. Rgxd3 exd3 36. Rxd3 Rxd3 37. Qxd3 Qxf2 38. Qd5+ Qf7 39. Qa8+ Kh7 40. Qxa6 Qf5 41. Qxa4 g3 42. Qc6 Qf1+ 43. Ka2 g2 44. Qe4+ g6 45. Qe7+ Kg8 46. Qe8+ Kg7 47. Qe5+ Kg8 48. Qe8+ Kg7 49. Qe5+ Kf8 50. Qd6+ Kf7 51. Qd5+ Kf6 52. Qg5+ Kf7 53. Qd5+ Ke7 54. Qe5+ Kd7 55. Qd5+ Ke8 56. Qe6+ Kf8 57. Qd6+ Kg7 58. Qe5+ Qf6 59. Qe3 Qxh4 60. Qc3+ Qf6 61. Qe1 h4 62. a4 h3 63. Qg3 g5 64. b3 Qf4 65. Qc3+ Kg6 66. Qd3+ Qf5 67. Qa6+ Kh5 68. Qe2+ g4 69. Qe8+ Kh4 70. Qd8+ Kg3 71. Qd4 Qf2+ 0-1

[Event "Sao Paulo Hebraica op 27th"]
[Site "Sao Paulo"]
[Date "2020.01.11"]
[Round "3"]
[White "Soares, Lucas Vicente"]
[Black "Costa, Iaggo Bernini"]
[Result "1-0"]
[WhiteElo "1923"]
[BlackElo "1576"]
[PlyCount "65"]
[EventDate "2020.01.10"]
[EventType "swiss"]
[EventRounds "6"]
[EventCountry "BRA"]
[SourceTitle "CBM 194 Extra"]
[Source "ChessBase"]
[SourceDate "2020.03.31"]
[SourceVersion "1"]
[SourceVersionDate "2020.03.31"]
[SourceQuality "1"]

1. d4 f5 2. e4 Nf6 3. Nc3 g6 4. exf5 gxf5 5. Be2 d6 6. Bh5+ Kd7 7. d5 Na6 8. Bf7 c6 9. Qe2 Qb6 10. Rb1 cxd5 11. Be6+ Kd8 12. Bxd5 Nxd5 13. Nxd5 Qa5+ 14. Nc3 Bg7 15. Bd2 Bxc3 16. Bxc3 Qxa2 17. Rd1 Rg8 18. b3 Qa3 19. Qc4 Rxg2 20. Qd5 Rg6 21. Qf7 Qc5 22. Ne2 Qc6 23. Kd2 Be6 24. Qxh7 Rg8 25. Nf4 Qe4 26. Nxe6+ Qxe6 27. Rhe1 Qg6 28. Qxe7+ Kc8 29. Kc1 Rd8 30. Re6 Qg4 31. Rexd6 Qf4+ 32. Kb2 Rxd6 33. Rxd6 1-0

[Event "Sao Paulo Hebraica op 27th"]
[Site "Sao Paulo"]
[Date "2020.01.10"]
[Round "1"]
[White "Soares, Lucas Vicente"]
[Black "Kojima, Rodrigo Yosuke"]
[Result "1-0"]
[WhiteElo "1923"]
[BlackElo "1513"]
[PlyCount "71"]
[EventDate "2020.01.10"]
[EventType "swiss"]
[EventRounds "6"]
[EventCountry "BRA"]
[SourceTitle "CBM 194 Extra"]
[Source "ChessBase"]
[SourceDate "2020.03.31"]
[SourceVersion "1"]
[SourceVersionDate "2020.03.31"]
[SourceQuality "1"]

1. d4 d5 2. c4 e6 3. Nc3 Nf6 4. cxd5 exd5 5. Bg5 Be7 6. Qc2 c6 7. e3 Be6 8. Bd3 h6 9. Bh4 Nbd7 10. Nge2 0-0 11. f3 c5 12. 0-0 Ne8 13. Bf2 Nd6 14. dxc5 Nxc5 15. Bh7+ Kh8 16. Nxd5 Bxd5 17. Qxc5 Bxf3 18. gxf3 Kxh7 19. Rad1 Qc8 20. Qe5 Qe6 21. Qa5 Nc4 22. Qb5 Kh8 23. Nf4 Qc6 24. Qb3 Nb6 25. e4 Bc5 26. Kg2 Bxf2 27. Rxf2 Rad8 28. Rxd8 Rxd8 29. Qxf7 Qd6 30. e5 Qc6 31. e6 Re8 32. Rd2 Nc4 33. Rd7 Rg8 34. Ng6+ Kh7 35. Ne7 Rb8 36. Nxc6 1-0

[Event "Maringa op 4th"]
[Site "Maringa"]
[Date "2014.08.23"]
[Round "7"]
[White "Santos, Joao Gustavo Veriss"]
[Black "Soares, Lucas Vicente"]
[Result "1-0"]
[WhiteElo "2050"]
[BlackElo "1933"]
[PlyCount "43"]
[EventDate "2014.08.20"]
[EventType "swiss"]
[EventRounds "9"]
[EventCountry "BRA"]
[SourceTitle "EXT 2015"]
[Source "ChessBase"]
[SourceDate "2014.11.20"]
[SourceVersion "1"]
[SourceVersionDate "2014.11.20"]
[SourceQuality "1"]

1. Nf3 b6 2. d4 e6 3. e4 Bb7 4. Bd3 d6 5. 0-0 Nf6 6. Qe2 Be7 7. Bf4 c5 8. c3 cxd4 9. cxd4 Nc6 10. Nc3 a6 11. Rac1 b5 12. d5 exd5 13. Nxd5 Nxd5 14. exd5 Ne5 15. Be4 Nxf3+ 16. Bxf3 0-0 17. Rfe1 Bf6 18. Qd2 Re8 19. Rxe8+ Qxe8 20. Bxd6 Qd7 21. Bg3 Rd8 22. Rc7 1-0

[Event "Sao Paulo op-B U2050"]
[Site "Sao Paulo"]
[Date "2014.04.05"]
[Round "3"]
[White "Soares, Lucas Vicente"]
[Black "Chagas, Humberto Luiz C"]
[Result "0-1"]
[WhiteElo "1942"]
[BlackElo "1830"]
[PlyCount "28"]
[EventDate "2014.04.03"]
[EventType "swiss"]
[EventRounds "6"]
[EventCountry "BRA"]
[SourceTitle "CBM 159 Extra"]
[Source "ChessBase"]
[SourceDate "2014.04.24"]
[SourceVersion "1"]
[SourceVersionDate "2014.04.24"]
[SourceQuality "1"]

1. d4 d5 2. c4 e6 3. Nc3 Nf6 4. cxd5 exd5 5. Bg5 Be7 6. Qc2 c6 7. e3 0-0 8. Nf3 Nbd7 9. Bd3 h6 10. Bf4 Re8 11. h3 Nf8 12. 0-0 Bd6 13. Ne5 Nh5 14. Nxf7 Kxf7 0-1

[Event "BRA-ch Amateur"]
[Site "Sao Paulo"]
[Date "2014.03.03"]
[Round "5"]
[White "Costa, Ane Caroline"]
[Black "Soares, Lucas Vicente"]
[Result "0-1"]
[WhiteElo "1669"]
[BlackElo "1937"]
[PlyCount "85"]
[EventDate "2014.03.01"]
[EventType "swiss"]
[EventRounds "7"]
[EventCountry "BRA"]
[SourceTitle "EXT 2016"]
[Source "ChessBase"]
[SourceDate "2015.10.08"]
[SourceVersion "1"]
[SourceVersionDate "2015.10.08"]
[SourceQuality "1"]

1. d4 d5 2. Bf4 Nf6 3. Nf3 c5 4. e3 Nc6 5. c3 Qb6 6. Qb3 c4 7. Qc2 Bf5 8. Qc1 e6 9. Nbd2 Be7 10. h3 h6 11. Be2 0-0 12. 0-0 Qd8 13. Ne5 Nxe5 14. Bxe5 b5 15. Bd1 Bd3 16. Re1 b4 17. Bxf6 gxf6 18. cxb4 Bxb4 19. Bc2 Qa5 20. Nf3 Bxe1 21. Nxe1 Rfc8 22. Bxd3 cxd3 23. Qd1 d2 24. Nf3 Rc1 25. Rxc1 dxc1Q 26. Qxc1 Qxa2 27. Ne1 Rb8 28. Nd3 Qc4 29. Qd2 Kh7 30. Nc5 Qb5 31. Nd3 a5 32. Qc2 Kg7 33. Qd2 Qa6 34. Nc5 Qb5 35. Nd3 a4 36. Qc2 Qc4 37. Qd2 Qa2 38. Nb4 Qb1+ 39. Kh2 Rc8 40. Kg3 h5 41. h4 Rc1 42. f4 Rh1 43. Qf2 0-1

[Event "Sao Paulo Hebraica op 17th"]
[Site "Sao Paulo"]
[Date "2014.01.12"]
[Round "5"]
[White "Soares, Lucas Vicente"]
[Black "Abrantes, Tiago Garrido"]
[Result "1-0"]
[WhiteElo "1888"]
[BlackElo "2154"]
[PlyCount "57"]
[EventDate "2014.01.09"]
[EventType "swiss"]
[EventRounds "6"]
[EventCountry "BRA"]
[SourceTitle "CBM 158 Extra"]
[Source "ChessBase"]
[SourceDate "2014.02.28"]
[SourceVersion "1"]
[SourceVersionDate "2014.02.28"]
[SourceQuality "1"]

1. d4 Nf6 2. c4 e6 3. Nf3 b6 4. g3 Bb7 5. Bg2 Be7 6. 0-0 0-0 7. b3 d6 8. Nc3 Ne4 9. Bb2 Nxc3 10. Bxc3 Be4 11. d5 e5 12. Rc1 a5 13. a3 Ra7 14. b4 axb4 15. axb4 Bg6 16. Nd2 Nd7 17. e4 f5 18. Ra1 Qa8 19. Rxa7 Qxa7 20. Qa1 Qb7 21. Qa4 Nf6 22. exf5 Bxf5 23. Bxe5 b5 24. Qb3 Nd7 25. Bd4 Bf6 26. Bxf6 Nxf6 27. c5 Re8 28. Rc1 h6 29. h3 1-0

[Event "Sao Paulo Karman Memorial 1st"]
[Site "Sao Paulo"]
[Date "2013.10.25"]
[Round "2.3"]
[White "Nikolic, Jovane"]
[Black "Soares, Lucas Vicente"]
[Result "0-1"]
[WhiteElo "1697"]
[BlackElo "1902"]
[PlyCount "122"]
[EventDate "2013.10.25"]
[EventType "swiss"]
[EventRounds "6"]
[EventCountry "BRA"]
[SourceTitle "EXT 2022"]
[Source "ChessBase"]
[SourceDate "2021.10.06"]
[SourceVersion "1"]
[SourceVersionDate "2021.10.06"]
[SourceQuality "1"]

1. b4 Nf6 2. Bb2 e6 3. b5 d5 4. e3 Bd6 5. c4 0-0 6. Nc3 Nbd7 7. d4 dxc4 8. Bxc4 e5 9. Nge2 exd4 10. Nxd4 Ne5 11. Be2 Qe7 12. 0-0 Nfg4 13. h3 Nf6 14. Nf3 Nxf3+ 15. Bxf3 Qe5 16. g3 Bxh3 17. Bxb7 Bg4 18. Qd4 Rab8 19. Qxe5 Bxe5 20. Bc6 a6 21. a4 axb5 22. axb5 Rfd8 23. Na4 Bxb2 24. Nxb2 Be2 25. Rfc1 Bxb5 26. Bf3 Ne8 27. Nc4 Kf8 28. Ne5 Rb6 29. Nc6 Rd6 30. Nd4 Bd7 31. Ra8 Ke7 32. Be4 g6 33. Rc5 f6 34. g4 Bxg4 35. Nc6+ Kf7 36. Na5 Ra6 37. Rb8 Rdb6 38. Rd8 Ke7 39. Nc6+ Rxc6 40. Rxe8+ Kxe8 41. Bxc6+ Ke7 42. Bb5 Kd6 43. Rc4 Rb6 44. Rxg4 Rxb5 45. Rd4+ Rd5 46. Ra4 c5 47. Ra6+ Ke5 48. f4+ Ke4 49. Kf2 Rd2+ 50. Ke1 Rh2 51. Rxf6 Kxe3 52. Kd1 c4 53. f5 gxf5 54. Rxf5 h5 55. Rc5 Kd3 56. Rd5+ Kc3 57. Ke1 Kc2 58. Ra5 Rh1+ 59. Kf2 c3 60. Ke2 h4 61. Kf2 Rd1 0-1